| 000 | 00653nam a2200193 a 4500 | ||
|---|---|---|---|
| 001 | 000041152 | ||
| 005 | 20201002034648.0 | ||
| 008 | 130920s1989 sp 000 0 spa d | ||
| 020 | _a8485861078 | ||
| 040 |
_aDO-SdBNP _bspa _cBNPHU |
||
| 082 |
_acccc _bxxx |
||
| 100 | 1 |
_aEsteva Fabregat, Claudio _967698 |
|
| 245 | 1 | 3 |
_aLa corona Española y el Indio Américano. / _cClaudio Esteva Fabregat. |
| 260 |
_aValencia, : _bAsociación Francisco López de Gomara, _c1989. |
||
| 300 |
_a2 v. ; _c24 cm. |
||
| 490 | 1 |
_aLa corona y los pueblos americanos _v4 |
|
| 504 |
_aBibliografía p: 201-207 _bv. 2 |
||
| 830 | 0 |
_aLa corona y los pueblos americanos _v4 _967699 |
|
| 999 |
_c40642 _d40642 |
||